Bilecik Bilecik Bilecik Bilecik Bilecik

Ütopistik : (Record no. 16817)

MARC details
000 -BAŞLIK
Sabit Uzunluktaki Kontrol Alanı 01267nam a22003497a 4500
001 - KONTROL NUMARASI
Control Dosyası 0016857
003 - KONTROL NUMARASI KİMLİĞİ
Kontrol Alanı KOHA_MİRAKIL
005 - EN SON İŞLEM TARİHİ ve ZAMANI
Kontrol Alanı 20260207002119.0
007 - FİZİKSEL TANIM SABİT ALAN - GENEL BİLGİ
Sabit uzunluklu kontrol alanı ta
008 - SABİT UZUNLUKTAKİ VERİ ÖGELERİ - GENEL BİLGİ
Sabit Alan 100429b1999 tu |||gr||||#||||0|tur |
020 ## - ISBN - ULUSLARARASI STANDART KİTAP NUMARASI
Isbn 9757112860
040 ## - KATALOGLAMA KAYNAĞI
Özgün Kataloglama Kurumu TR-BiSEU
Kataloglama Dili tur
Çeviri Kurumu TR-BiSEU
Açıklama Kuralları rda
041 0# - DİL KODU
Metin ya da ses kaydının dil kodu tur
044 ## - YAYINLAYAN/ÜRETEN KURULUŞUN ÜLKE KODU
ISO country code tu
050 ## - SINIFLAMA ve YER NUMARASI
Sınıflama Numarası D860
Yer Numarası .W35 1999
100 1# - KİŞİ ADI
Yazar Adı (Kişi adı) Wallerstein, Immanuel Maurice.
245 1# - ESER ADI BİLDİRİMİ
Başlık Ütopistik :
Alt Eseradı vb. ya da yirmibirinci yüzyılın tarihsel seçimleri= Utopistics, or, Historical choices of the twenty-first century/
Sorumluluk Bildirimi Immanuel Maurice Wallerstein ; Immanuel Wallerstein; çeviren Taylan Doğan.
264 #1 - ÜRERİM, YAYIN, DAĞITIM ve TELİF BİLDİRİMİ
Yayın yeri Diyarbakır :
Yayınlayan Avesta Yayınları
Yayın tarihi 1999
300 ## - FİZİKSEL TANIMLAMA
Sayfa, Cilt vb. 92 sayfa; 20 cm.
336 ## - İÇERİK TÜRÜ
Content type term metin
Content type code txt
Source rdacontent
337 ## - MEDYA TÜRÜ
Media type term aracısız
Media type code n
Source rdamedia
338 ## - TAŞIYICI TÜRÜ
Carrier type term cilt
Carrier type code nc
Source rdacarrier
490 1# - DİZİ BİLDİRİMİ
Dizi Bildirimi Avesta yayınları ;
Cilt Numarası 78.
490 1# - DİZİ BİLDİRİMİ
Dizi Bildirimi Düşünce dizisi ;
Cilt Numarası 3
500 ## - GENEL NOT
Genel Not Original title : Utopistics, or, Historical choices of the twenty-first century.
500 ## - GENEL NOT
Genel Not Kaynakça var.
650 #0 - KONU BAŞLIĞI EK GİRİŞ - KONU TERİMİ
Konusal terim veya coğrafi ad World politics 1989--Forecasting.
9 (RLIN) 39067
650 #0 - KONU BAŞLIĞI EK GİRİŞ - KONU TERİMİ
Konusal terim veya coğrafi ad Twenty-first century--Forecasts.
9 (RLIN) 19926
830 1# - SERİ EK GİRİŞİ - TEKBİÇİM ESER ADI
Tekbiçim Başlık Avesta yayınları ;
Volume number/sequential designation 78.
9 (RLIN) 39068
830 1# - SERİ EK GİRİŞİ - TEKBİÇİM ESER ADI
Tekbiçim Başlık Düşünce dizisi ;
Volume number/sequential designation 3
9 (RLIN) 26424
942 ## - EK GİRİŞ ÖGELERİ (KOHA)
Source of classification or shelving scheme Library of Congress Classification
Koha item type Book
Holdings
Materyal Türü Kalıcı Konum Mevcut Konum Raf Yeri Sınıflandırma Kaynağı Edinim Bilgisi Ana Konular Alt Konular Yer Numarası Demirbaş Numarası Fatura Tarihi Maliyet, Alış Fiyatı Maliyet, Yenileme Fiyatı Geri Çekilme Durumu Kayıp Durumu Hasarlı Durumu Kredi için değil Kayıt Tarih Toplam Ödünçverme Son Görülme Tarihi Son Kontrol Tarihi Genel / Bağış Notu
Book Prof. Dr. Azmi Özcan Kütüphanesi Prof. Dr. Azmi Özcan Kütüphanesi Uluğbey Salonu Library of Congress Classification Bağış DÜNYA TARİHİ (AVRUPA, ASYA, AFRİKA VB.) Tarih (Genel) D860 .W35 1999 0016857 13/08/2010 3.50 3.50         29/04/2010   05/12/2024 05/12/2024 M.Ali Gökaçtı